000 00558nam a22001697a 4500
003 OSt
005 20171010095458.0
008 120720t xxu||||| |||| 00| 0 eng d
040 _aMMSU
_cULS
100 _aGarcia, Greggy F.
_911315
245 _aRemoval of water contaminants using lignocellulosic bamboo scraps
_cGreggy F. Garcia
260 _c2008
300 _axiv, 44 leaves
_c28 cm.
500 _aThesis (BS Biology) -- Mariano Marcos State University-College of Arts & Sciences, Batac City
504 _aBibliography: leaf 29
942 _2ddc
_cTHEDIS
999 _c9642
_d9642